| 000 | 00637 a2200217 4500 | ||
|---|---|---|---|
| 999 |
_c200042805 _d35153 |
||
| 001 | 200042805 | ||
| 003 | TR-AnTOB | ||
| 005 | 20190322123011.0 | ||
| 008 | 111003s2003 tu 000 0 | ||
| 040 |
_aTR-AnTOB _cTR-AnTOB |
||
| 041 | _atur | ||
| 050 |
_aDS51.M86. _bK84 2003 |
||
| 090 | _aDS51.M86. K84 2003 | ||
| 245 | 0 |
_aKültürel boyutlarıyla Mustafapaşa : _bSinasos / _chaz: İlbars Zafer , Temren Belkıs. |
|
| 264 | 1 |
_aAnkara : _bTüksev, _c2003. |
|
| 300 |
_a203p. ; _bill.; _c23 cm. |
||
| 651 |
_aMustafapaşa (Turkey) _xHistory _977213 |
||
| 651 |
_aMustafapaşa (Turkey) _xEthnic relations _977214 |
||
| 942 |
_cBK _2lcc |
||